| 000 | 01230nam a22003497a 4500 | ||
|---|---|---|---|
| 003 | CHAP | ||
| 005 | 20220817040913.0 | ||
| 008 | 971013s1975 r 00010 d | ||
| 010 | _a2434 | ||
| 011 | _a3406 | ||
| 035 | _a2606 | ||
| 040 | _cCHAP | ||
| 090 | _aFolleto 13423 | ||
| 100 | 0 | 0 |
_aPate, F. M. _986147 |
| 245 |
_aSupplemental feeding of steers on everglades pasture _b: effect on pasture and feedlot performance and economics of production |
||
| 260 |
_aGainesville, Fl : _bInstitute of Food and Agricultural Science, _c1975 |
||
| 300 | _a17 p | ||
| 490 |
_aInstitute of Food and Agricultural Science. Bulletin _v; 775 |
||
| 500 | _aD45-220 | ||
| 590 |
_aBATCH-UPD _b10 _c20130110 _lUCH01 _h0846 |
||
| 590 |
_aBATCH-UPD _b10 _c20130410 _lUCH01 _h0519 |
||
| 590 |
_aBATCH-UPD _b10 _c20130914 _lUCH01 _h1429 |
||
| 590 |
_aCONVERSION _b10 _c20130109 _lUCH01 _h1303 |
||
| 650 | 1 | 4 |
_aAlimentos y alimentacion del ganado. _94326 |
| 650 | 1 | 4 | _aForrajes. |
| 650 | 1 | 4 |
_aGanado vacuno _xAlimentación. _945429 |
| 650 | 1 | 4 |
_aPastos forrajeros. _986094 |
| 830 | 0 |
_aInstitute of Food and Agricultural Science. Bulletin _v; 775 _959027 |
|
| 901 | _aBK | ||
| 942 | _cFOLL | ||
| 949 |
_aFolleto 13423 _bBC _cFOLL _d-12110 _eTS1 _i2606 _mD _si |
||
| 999 |
_c2434 _d2434 |
||